000 01432cam a22003131 4500
001 gs 36000236
003 DLC
005 20260227111340.0
008 840928s1936 dcua f000 0 eng c
010 _ags 36000236
035 _a(OCoLC)11209350
040 _aLibrary, U.S. Geological Survey
_cCLS
_dCLS
_dOCoLC
_dDLC
042 _apremarc
050 0 0 _aTC801
_b.U2 no. 775
100 1 _aStearns, Harold T.
_q(Harold Thornton),
_d1900-1986.
245 1 0 _aRecords of wells on the Snake river plain, southeastern Idaho,
_cby Harold T. Stearns, Lynn Crandall and Willard G. Steward. Prepared in cooperation with the Idaho Bureau of mines and geology and the Idaho Department of reclamation.
260 _aWashington,
_bU.S. Govt. Print. Off.,
_c1936.
300 _a1 p. l., 139 p. incl. tables.
_c23 cm.
490 0 _aU.S. Geological survey. Water-supply paper
_v775
500 _aAt head of title: United States Department of the interior.
500 _aOffset printed.
501 _aWith : Geology and ground water resources of the Snake river plain in southeastern Idaho. Washington : U.S. Govt. Print. Off., 1938. Bound together subsequent to publication.
_5DLC
650 0 _aWells.
650 0 _aGroundwater
_zIdaho.
700 1 _aCrandall, Lynn,
_d1888-
_ejoint author.
700 1 _aSteward, Willard G.,
_ejoint author.
710 2 _aIdaho Bureau of Mines and Geology.
710 1 _aIdaho.
_bDepartment of Reclamation.
999 _c27278
_d27278